000 00406nam a22001697a 4500
003 MPLRDC
005 20220104143304.0
008 210129b ||||| |||| 00| 0 eng d
082 _a630 ZQ v.2
100 _a章群
245 _a中国文化史. 下册
_c
250 _a初版
260 _a
_b教育出版社有限公司
_c1979
300 _b
650 _a中国文化史
942 _cBK
_o630 ZQ v.2
999 _c38454
_d38444